| 000 | 01207cam a22002775a 4500 | ||
|---|---|---|---|
| 001 | L158136 | ||
| 008 | 140901s1792 xxk f 000 0 eng d | ||
| 020 | _a9781170124833 | ||
| 035 | _a(Sirsi) u158136 | ||
| 041 | 0 | _aeng | |
| 050 | 0 | 4 | _a333.72 |
| 100 | 1 | _aWhitehurst, John | |
| 245 | 0 | 4 |
_aThe works of John Whitehurst FRS _hWith memoirs of his life and writings |
| 260 |
_aLondon _cW Brent _b1792 |
||
| 490 | 0 | _aECCO Print Editions History and Geography | |
| 520 | _aReprint of the memoirs and writings of John Whitehurst 1713 - 1784 FRS, clockmaker, scientist and geologist who studied the geological strata of the Giant Causeway in Ireland and the formation of the earth including the cause of earthquakes. Author of "An attempt towards invariable measures of length , capacity and weight from the mensuration of time" linking latitude to pendulum swings found in clocks. | ||
| 590 | _aKA | ||
| 650 | 2 | 4 |
_aMeasurement _96256 |
| 650 | 2 | 4 | _aCLOCKS |
| 650 | 2 | 4 | _aEARTH QUAKES |
| 650 | 2 | 4 | _aAN ATTEMPT TOWARDS INVARIABLE MEASURES OF LENGTH, CAPACITY AND WEIGHT FROM THE MENSURATION OF TIME |
| 651 | 4 |
_aUnited Kingdom _y |
|
| 690 |
_aHydrography _96245 |
||
| 700 | 1 | _aHutton, C | |
| 942 | _n0 | ||
| 999 |
_c115164 _d115164 |
||